00443 2200169 4500001002100000008004100021035002000062245008100082260001800163300002200181084001400203082000800217650001200225990001200237990001200249990001200261INLIS000000000001101 Ind  a0010-0722000650 aKumpulan Cerita Rakyat 33 ProvinsibDari Aceh Sampai PapuacYustitia Angelia bLingkar Media a128c16,5 x 24 cm a398 YUS k a398 aFolklor aDI.2028 aDI.1664 aDI.1830